000 00387nam a2200121Ia 4500
008 231129s9999||||xx |||||||||||||| ||spa||
020 _a958-33-0300-3
082 _aER- 321
100 _aGonzález Luis Carlos
245 0 _aLos bambucos de Luis Carlos González. Letra y música
264 _aPereira: Gráficas Olí­mpica 1995
942 _2ddc
_cBKS
999 _c19503
_d19503